Trenerzy klubów Ekstraklasy 2023/24 - Statystyki

Ogólne statystyki
  • Ten quiz został rozwiązany 78 razy
  • Średni wynik to 11 z 18
Statystyki odpowiedzi
Klub Trener % Poprawnych
KGHM Zagłębie Lubin Waldemar Fornalik
88%
Górnik Zabrze Jan Urban
86%
Cracovia Jacek Zieliński
82%
Jagiellonia Białystok Adrian Siemieniec
79%
Śląsk Wrocław Jacek Magiera
77%
Raków Częstochowa Dawid Szwarga
72%
Legia Warszawa Kosta Runjaić
70%
Piast Gliwice Aleksandar Vuković
65%
Warta Poznań Dawid Szulczek
60%
Korona Kielce Kamil Kuzera
58%
ŁKS Łódź Kazimierz Moskal
51%
Lech Poznań John van den Brom
49%
Pogoń Szczecin Jens Gustafsson
47%
Puszcza Niepołomice Tomasz Tułacz
47%
Widzew Łódź Daniel Myśliwiec
44%
Stal Mielec Kamil Kiereś
42%
Ruch Chorzów Jarosław Skrobacz
30%
Radomiak Radom Constantin Gâlcă
25%
Nie znaleziono quizów pasujących do podanych kryteriów
Rozkład punktacji
Procent ludzi z każdym wynikiem
Percentyl według liczby udzielonych odpowiedzi
Twoja historia wyników
Nie rozwiązałeś tego quizu